Loading...
| Fine Arts - Classical Music | 10 | 20.00 | 3,730% | 610% | 460% |
| Fine Arts - Other | 9 | 17.78 | 4,122% | 356% | 611% |
| Fine Arts - Painting & Sculpture | 8 | 16.25 | 3,838% | 538% | 400% |
| History - American | 6 | 20.00 | 3,583% | 633% | 350% |
| History - European | 10 | 22.00 | 6,500% | 630% | 320% |
| History - Other | 10 | 17.00 | 3,450% | 630% | 250% |
| History - World | 9 | 21.11 | 5,922% | 356% | 644% |
| Literature - American | 9 | 17.78 | 4,000% | 356% | 544% |
| Literature - British | 13 | 16.92 | 3,231% | 431% | 531% |
| Literature - European | 8 | 17.50 | 4,688% | 388% | 400% |
| Literature - World | 11 | 18.18 | 5,464% | 346% | 446% |
| Mythology | 9 | 17.78 | 5,211% | 444% | 333% |
| Other | 11 | 21.82 | 4,555% | 591% | 664% |
| Philosophy | 6 | 16.67 | 4,367% | 283% | 517% |
| Religion | 9 | 16.67 | 3,244% | 656% | 367% |
| Science - Biology | 11 | 19.09 | 4,264% | 491% | 546% |
| Science - Chemistry | 8 | 18.75 | 3,250% | 700% | 375% |
| Science - Other | 7 | 14.29 | 1,857% | 457% | 471% |
| Science - Physics | 12 | 20.83 | 4,492% | 458% | 575% |
| Social Science | 10 | 18.00 | 4,410% | 390% | 470% |